000 00924nam a2200265Ia 4500
003 OSt
005 20220930072620.0
006 a|||||r|||| 00| 0
007 ta
008 220926b |||||||| |||| 00| 0 eng d
024 _a24651
037 _cTheses
040 _aCRL
_cCRL
_beng
041 _2eng
_aeng
100 _aAiyer Hema Malini
_9530134
110 _aUniversity of Delhi. Faculty of Medical Sciences. Department of Pathology
245 0 _aPhyllodes tumour vs fibroadenoma breast. A semiquantitative analysis of stromal histomorphologic and AgNORs parameters
_b A retrospective study
260 _c1997
300 _a189p.
_ap.
_ccm.
650 _aPATHOLOGY
_9174058
700 _a Dr Manjula Jain Supervisor
_9530135
700 _aUniversity of Delhi. Faculty of Medical Sciences. Department of Pathology
942 _cDIS
_2CC
999 _c864108
_d864108